000 02231Cam#a22006615a#4500
003 AR-RoUNA
005 20250917120637.0
008 110405s2010||||gw|||||| |||| 0|spa d
020 _a978--3-8228-4887-6
040 _aAR-RoUNA
_bspa
041 _aeng
080 _a72.036
092 _sCol
_c72.036
100 1 _aCobbers, Arnt.
_d1966-
_921176
245 1 0 _aMarcel Breuer 1902-1981.
_bForm giver of the twentieth century /
_cArnt Cobbers; editor Peter Gossel.
260 _aKoln (Alemania) :
_bTaschen,
_c2007.
300 _a96cm :
_bil. col.
_c23x18 cm.
505 0 _tINDICE
505 0 _aIntroducción. p. 6
505 0 _aMuebles de la carpintería. p. 18
505 0 _aMuebles de acero tubular. p. 20
505 0 _aDiseño de interiores para Piscator. p. 24
505 0 _aCasa del joven Maestro Bambos. p. 26
505 0 _a Casa Harnischmacher. p. 27
505 0 _aCasa Doldertal. p. 30
505 0 _aMueble Isokon. p. 32
505 0 _aPabellón Gane's. p. 34
505 0 _aCasa Breuer I. p. 42
505 0 _aCasa Breuer II. p. 46
505 0 _aCasa de Investigación del MoMA. p. 50
505 0 _aCabaña César. p. 52
505 0 _aSede de la UNESCO. p. 54
505 0 _aAbadía y Universidad de San Juan. p. 58
505 0 _aEdificio de la Universidad de Nueva York. p. 64
505 0 _aCasa Hooper II. p. 66
505 0 _aCentro de Investigación de IBM. p. 70
505 0 _aIglesia de San Francisco de Sales. p. 72
505 0 _a Estación de esquí de Flaine. p. 74
505 0 _aCasa Hoerfer. p. 78
505 0 _aMuseo Whitney de Arte Americano. p. 80
505 0 _aCasa Geller II. p. 84
505 0 _aMuseo de Arte de Cleveland. p. 86
505 0 _aCasa Saier. p. 88
505 0 _aLista de obras. p. 90
505 0 _aMapas. p. 94
505 0 _aBiografía. p. 96
600 1 0 _aBreuer, Marcel
_d1902-1981
_95359
650 4 _aArquitectura contemporanea
650 4 _aBiografias
650 4 _aArquitectos
650 4 _aObras
700 _aGossel, Peter
_d1956-
_eedt
_91233
908 _aImp
930 _e8574
942 _cLIB
_2udc
945 _aMTC
_d2025-09-08
980 _83
_gGermán Grimolizzi
_65
_aMaría Machado
999 _c12099
_d12099